Výkonnosť spoločnosti CROWN Bevcan Slovakia s. r. o. bakalárska práca

Gespeichert in:
Bibliographische Detailangaben
1. Verfasser: Mačangová, Lucia
Körperschaft: Podnikovohospodárska fakulta EU so sídlom v Košiciach. Katedra ekonómie a manažmentu
Weitere Verfasser: Mihalčová, Bohuslava, 1963-
Format: Buch
Sprache:Slowakisch
Veröffentlicht: Košice 2025
Tags: Tag hinzufügen
Keine Tags, Fügen Sie das erste Tag hinzu!

MARC

LEADER 00000nbm a2200000 4500
001 0310879
005 20260225125726.5
041 0 |a slo 
044 |a SK 
245 1 0 |a Výkonnosť spoločnosti CROWN Bevcan Slovakia s. r. o.  |b bakalárska práca  |c Lucia Mačangová ; školiteľ: Bohuslava Mihalčová 
264 1 |a Košice  |c 2025 
300 |a 46 s. 
100 1 |a Mačangová, Lucia 
700 1 |a Mihalčová, Bohuslava, 1963- 
710 2 |a Podnikovohospodárska fakulta EU so sídlom v Košiciach. Katedra ekonómie a manažmentu